MARC

LEADER 00000nam0a2200000 4500
001 274825
005 20231101234751.0
035 |a (RuTPU)RU\TPU\book\298054 
035 |a RU\TPU\book\72484 
090 |a 274825 
100 |a 20141110d1981 k y0rusy50 ca 
101 0 |a rus 
102 |a RU 
105 |a a z 001zy 
200 1 |a Геохимия литосферы  |e [монография]  |f А. А. Беус 
205 |a 2-е изд., перераб. и доп. 
210 |a Москва  |c Недра  |d 1981 
215 |a 335 с.  |c ил. 
320 |a Библиогр.: с. 321-334. 
606 1 |a Литосфера  |x Геохимия  |2 stltpush  |3 (RuTPU)RU\TPU\subj\40436  |9 60285 
606 1 |a Литосфера  |2 stltpush  |3 (RuTPU)RU\TPU\subj\40435  |9 60284 
610 1 |a химия 
610 1 |a геохимия 
610 1 |a горные породы 
610 1 |a химический состав 
610 1 |a породообразующие минералы 
610 1 |a магматические породы 
610 1 |a метаморфические породы 
610 1 |a осадочные породы 
610 1 |a верхняя мантия 
675 |a 550.42  |v 3 
675 |a 551.14  |v 3 
700 1 |a Беус  |b А. А.  |g Алексей Александрович 
801 1 |a RU  |b 63413507  |c 20040929  |g PSBO 
801 2 |a RU  |b 63413507  |c 20151121  |g PSBO 
942 |c BK